Top 100 Best TV Shows of All Time - Statistics

General Stats
  • This quiz has been taken 1,528 times
  • The average score is 31 of 100
Answer Stats
Rank Actor Years aired Answer % Correct
2 Bryan Cranston 2008-2013 Breaking Bad
92%
6 Jennifer Aniston 1994-2004 Friends
91%
3 Emilia Clarke 2011-2019 Game Of Thrones
81%
1 James Gandolfini 1999-2007 The Sopranos
79%
33 Ricky Gervais 2001-2003 The Office (UK)
75%
42 Rainn Wilson 2005-2013 The Office (US)
75%
8 Bob Odenkirk 2015-2022 Better Call Saul
65%
47 Winona Ryder 2016-Present Stranger Things
64%
64 Hugh Laurie 2004-2012 House
61%
39 Leonard Nimoy 1966-1969 Star Trek
59%
50 Avery Brooks 1993-1999 Star Trek: Deep Space Nine
59%
19 Patrick Stewart 1987-1994 Star Trek: The Next Generation
59%
24 Cillian Murphy 2013-2022 Peaky Blinders
58%
14 Nancy Cartwright 1989-Present The Simpsons
57%
26 Jason Alexander 1990-1998 Seinfeld
56%
4 Dominic West 2002-2008 The Wire
55%
11 Jon Hamm 2007-2015 Mad Men
54%
13 Evangeline Lilly 2004-2010 Lost
52%
23 David Tennant 1963-1989, 2005-Present Doctor Who
51%
10 Sarah Michelle Gellar 1997-2003 Buffy The Vampire Slayer
50%
77 Michael C. Hall 2006-2013 Dexter
48%
29 Nick Offerman 2009-2015 Parks And Recreation
47%
43 Pedro Pascal 2023-Present The Last Of Us
47%
92 Ted Danson 1982-1993 Cheers
45%
49 Andrew Lincoln 2010-2022 The Walking Dead
45%
5 Brian Cox 2018-2023 Succession
44%
25 David Duchovny 1993-2002, 2016-2018 The X-Files
44%
27 Kiefer Sutherland 2001-2015 24
43%
51 Jason Bateman 2003-2019 Arrested Development
42%
69 Kim Cattrall 1998-2004 Sex And The City
42%
7 Martin Sheen 1999-2006 The West Wing
41%
94 Terry Crews 2013-2021 Brooklyn Nine-Nine
40%
38 Kelsey Grammer 1993-2004, 2023-Present Frasier
40%
55 Alan Alda 1972-1983 M*A*S*H
40%
15 Kyle MacLachlan 1990-2017 Twin Peaks
39%
72 Larry David 2000-2024 Curb Your Enthusiasm
37%
40 Charlie Day 2005-Present It's Always Sunny In Philadelphia
37%
87 Julia Louis-Dreyfus 2012-2019 Veep
37%
32 Alec Baldwin 2006-2013 30 Rock
36%
36 Anthony Edwards 1994-2009 ER
33%
21 Phoebe Waller-Bridge 2016-2019 Fleabag
33%
48 Eric Idle 1969-1974 Monty Python's Flying Circus
32%
31 Martin Freeman 2010-2017 Sherlock
32%
22 John Cleese 1975-1979 Fawlty Towers
31%
100 Lena Dunham 2012-2017 Girls
30%
45 Mads Mikkelsen 2013-2015 Hannibal
29%
96 Pedro Pascal 2015-2017 Narcos
29%
57 J. K. Simmons 1997-2003 Oz
29%
56 Elisabeth Moss 2017-Present The Handmaid's Tale
29%
95 Lauren Graham 2000-2007, 2016 Gilmore Girls
26%
91 Bill Hader 2018-2023 Barry
25%
35 Rowan Atkinson 1983-1989 Blackadder
25%
61 Rod Serling 1959-1964 The Twilight Zone
25%
73 Steve Buscemi 2010-2014 Boardwalk Empire
23%
62 Billy Bob Thornton 2014-Present Fargo
23%
37 Michael C. Hall 2001-2005 Six Feet Under
23%
84 Charlie Hunnam 2008-2014 Sons Of Anarchy
23%
20 Damian Lewis 2001 Band Of Brothers
22%
30 Jared Harris 2019 Chernobyl
22%
93 Peter Falk 1968-2003 Columbo
22%
70 Idris Elba 2010-2019 Luther
21%
53 Diego Luna 2022-Present Andor
20%
66 Will Arnett 2014-2020 BoJack Horseman
20%
44 Keri Russell 2013-2018 The Americans
20%
18 Michael Chiklis 2002-2008 The Shield
20%
76 Evan Rachel Wood 2016-2022 Westworld
20%
34 Kyle Chandler 2006-2011 Friday Night Lights
19%
16 Ian McShane 2004-2006, 2019 Deadwood
18%
75 John C. McGinley 2001-2010 Scrubs
18%
98 Julianna Margulies 2009-2016 The Good Wife
18%
68 Vince Vaughn 2014-Present True Detective
18%
80 Nicola Coughlan 2018-2022 Derry Girls
16%
82 Paul Mescal 2020 Normal People
16%
71 Dan Harmon 2013-Present Rick And Morty
16%
52 Various 2011-Present Black Mirror
14%
65 LaKeith Stanfield 2016-2022 Atlanta
13%
86 Sofia Helin 2011-2018 Broen/The Bridge
13%
97 Jimmy Smits 1993-2005 NYPD Blue
13%
89 David Mitchell 2003-2015 Peep Show
13%
17 Justin Theroux 2014-2017 The Leftovers
13%
12 Edward James Olmos 2003-2009 Battlestar Galactica
12%
79 Steve Coogan 1997-2002 I'm Alan Partridge
11%
60 David Jason 1981-2003 Only Fools And Horses
11%
99 Ardal O'Hanlon 1995-1998 Father Ted
10%
28 Sarah Lancashire 2014-2023 Happy Valley
9%
54 Simon Pegg 1999-2001 Spaced
9%
63 Peter Capaldi 2005-2012 The Thick Of It
9%
46 Regina King 2019 Watchmen
8%
41 Robbie Coltrane 1993-1996, 2006 Cracker
7%
59 Vicky McClure 2012-2021 Line Of Duty
7%
90 Craig Charles 1988-1999, 2009-2020 Red Dwarf
7%
78 Andre Braugher 1993-1999 Homicide: Life On The Street
6%
74 Janine Turner 1990-1995 Northern Exposure
6%
58 Helen Mirren 1991-1992, 1993-1996, 2003-2006 Prime Suspect
6%
9 Brit Marling 2016-2019 The OA
6%
81 Michaela Coel 2020 I May Destroy You
5%
67 Philip Glenister 2006-2007 Life On Mars
5%
83 Joel Kinnaman 2019-Present For All Mankind
2%
85 Kate Siegal 2021 Midnight Mass
2%
88 Steven Strait 2015-2022 The Expanse
2%
No matching quizzes found
Score Distribution
Percent of People with Each Score
Percentile by Number Answered
Your Score History
You have not taken this quiz